000 00957nam a2200277 i 4500
001 bg
245 0 0 _aStudia geoekologiczne /
_cUniwerytet Warszawski. Wydział Geografii i Studiów Regionalnych.
260 _aWarszawa :
_bWydawnictwa UW,
_c1997.
300 _a297 s., [1] k. tabl. złoż. :
_brys., mapy, wykr. ;
_c24 cm.
490 1 _aPrace i Studia Geograficzne,
_x0208-4589 ;
_vt. 21
500 _aStreszcz. ang.
504 _aBibliogr. przy artykułach.
600 1 9 _aRichling Tadeusz
650 9 _aKrajobraz
_xekologia
650 9 _aKrajobraz
_xgeografia
650 9 _aŚrodowisko człowieka
_xbadanie
_xmetody
_zPolska
710 0 _aUniwersytet Warszawski
_bWydział Geografii i Studiów Regionalnych
830 _aPrace i Studia Geograficzne,
_x0208-4589 ;
020 _a8323098387
040 _cBPK
041 0 _apl
_ben
080 _a502.5/.6:574
920 _a83-230-9838-7
942 _cKS
008 s pl f |000 0 pol
999 _c33896
_d33896
856 _uhttp://koha.tu.koszalin.pl/cgi-bin/koha/opac-detail.pl?biblionumber=33896
_yKatalog online BPK